000 00596 a2200181 4500
003 NUST
005 20221214174126.0
040 _cNust
082 _a320,FOX
100 _aFox William T.R
_9104886
245 _aThe Super powers /
_cWilliam T.R.Fox
260 _aNew york
_bHarcourt
_c1944
300 _a184, p.;
505 _aThe World of The Super Powers (Page-3), Britain and America (Page-27), The Western Power and The Soviet Union (Page-73), The Agenda of Collaboration (Page-109).
600 _aWilliam T.R.Fox
_9104887
650 _aSuper Powers
_9104888
942 _2ddc
_cBK
_k320,FOX
999 _c185471
_d185471